Biblioteca y Centro de Documentación

The educational forum (Registro nro. 25417)

Detalles MARC
000 -CABECERA
Longitud fija campo de control 01178nas a2200313 c 4500
001 - NÚMERO DE CONTROL
Número de control 25417
003 - IDENTIFICADOR DE NÚMERO DE CONTROL
Identificador del número de control ES-MaCES
005 - FECHA Y HORA DE LA ÚLTIMA TRANSACCIÓN
Fecha y hora de la última transacción 20250404141507.0
008 - CAMPO FIJO DE DESCRIPCIÓN FIJA--INFORMACIÓN GENERAL
Códigos de información de longitud fija   941006u1900 xxuq| | |eng d
022 1# - ISSN (INTERNATIONAL STANDARD SERIAL NUMBER)
Número Internacional Normalizado para Publicaciones Seriadas 0013-1725
035 ## - NÚMERO DE CONTROL DEL SISTEMA
Número de control del sistema CES19980003980p
Número de control cancelado;no válido 10407
040 ## - FUENTE DE CATALOGACIÓN
Centro catalogador de origen ES-MaCES
Lengua de catalogación spa
Centro transcriptor ES-MaCES
245 04 - MENCIÓN DE TÍTULO
Título The educational forum
Mención de responsabilidad, etc. a publication of Kappa Delta Pi, an International Honor Society in Education
260 ## - PUBLICACIÓN, DISTRIBUCIÓN, ETC (PIE DE IMPRENTA)
Lugar de publicación, distribución, etc. West Lafayette (Post Office Box A, IN 47906-9987)
Nombre del editor, distribuidor, etc. Kappa Delta Pi
300 ## - DESCRIPCIÓN FÍSICA
Extensión v.
Dimensiones 26 cm
310 ## - PERIODICIDAD ACTUAL DE LA PUBLICACIÓN
Periodicidad actual Trimestral
500 ## - NOTA GENERAL
Nota general Descripción basada en. v. 58, no. 3 (Spring 1994)
541 ## - NOTA DE LA FUENTE INMEDIANTE DE ADQUISICIÓN
Forma de adquisición Compra
592 ## - CES. NOTA ESTADO DE LA PUBLICACIÓN
Estado publicación Cancelada
650 #4 - ASIENTO SECUNDARIO DE MATERIA--TÉRMINO DE MATERIA
Término de materia o nombre geográfico como elemento inicial educación
9 (RLIN) 27367
653 10 - TÉRMINO DE INDEXACIÓN--NO CONTROLADO
Término no controlado Educación
710 2# - ENCABEZAMIENTO SECUNDARIO--NOMBRE CORPORATIVO
Nombre de entidad o nombre de jurisdicción como elemento inicial Kappa Delta Pi
9 (RLIN) 4405
853 21 - LEYENDAS Y PATRÓN--UNIDAD BIBLIOGRÁFICA BÁSICA
Primer nivel de enumeración vol.
Segundo nivel de enumeración no.
Primer nivel de cronología año
Segundo nivel de cronología estación
Continuidad en la numeración r
Frecuencia q
Cambio en calendario 1000
856 41 - ACCESO ELECTRÓNICO
Identificador Uniforme del Recurso (URI) <a href="https://www.tandfonline.com/loi/utef20">https://www.tandfonline.com/loi/utef20</a>
Texto del enlace texto completo desde vol. 1, n. 1 (1936)
Nota pública Acceso para usuarios registrados, algunos artículos en acceso abierto
866 #0 - FUENTES TEXTUALES--UNIDAD BIBLIOGRÁFICA BÁSICA
Holdings textuales (1994-1995) 1996-2000 (2001) 2002-2003 (2004).
Nota pública Ubicación: DEPÓSITO - 10407
905 ## - CES. DATOS REVISTA
Boletín de sumarios (Sirtex 591$a) Boletín B
Proceso +
942 ## - ELEMENTOS KOHA
Fuente de clasificaión o esquema Clasificación propia del CES
Koha [por defecto] tipo de item Periódicas
Parte de clasificación 4.0.
Existencias
Número de registro Signatura completa Tipo de item de Koha
013705 10407 Periódicas
006673 10407 Periódicas
007243 10407 Periódicas
008808 10407 Periódicas
009100 10407 Periódicas
009816 10407 Periódicas
013913 10407 Periódicas
013212 10407 Periódicas
020581 10407 Periódicas
016168 10407 Periódicas
017928 10407 Periódicas
020584 10407 Periódicas
020266 10407 Periódicas
021290 10407 Periódicas
022864 10407 Periódicas
024653 10407 Periódicas
026204 10407 Periódicas
027130 10407 Periódicas
028577 10407 Periódicas
031225 10407 Periódicas
031227 10407 Periódicas
032173 10407 Periódicas
033695 10407 Periódicas
036933 10407 Periódicas
038075 10407 Periódicas
040100 10407 Periódicas
041672 10407 Periódicas
042194 10407 Periódicas
045182 10407 Periódicas
046253 10407 Periódicas
047374 10407 Periódicas
048533 10407 Periódicas
049854 10407 Periódicas
050867 10407 Periódicas
052416 10407 Periódicas
053495 10407 Periódicas
054536 10407 Periódicas
055849 10407 Periódicas
058132 10407 Periódicas
073976 10407 Periódicas
073977 10407 Periódicas
073978 10407 Periódicas
073979 10407 Periódicas
© CES, Consejo Económico y Social de España 2021